• 首页
  • 本馆介绍
  • 公告通知
  • 最新文献
  • 馆藏检索
  • 电子资源
  • 读者导购
  • 参考咨询
  • 我的图书馆
  • 登录
  • 详细信息显示
  • 放入我的书架
  • 预约/预借图书
  • 作者相关作品
  • 分类相关作品
  • 丛书相关作品
  • 出版社相关作品

书目信息

  • 表格格式
  • 工作单格式
  • 卡片格式
题名:
中国法院2018年度案例
    
 
作者: 曹士兵 主编 ;国家法官学院 编
分册: [12]   人格权纠纷
出版信息: 北京   中国法制出版社  2018
页数: 283页
开本: 25cm
丛书名:
单 册:
中图分类: D920.5 , D922.75
科图分类:
主题词: 法律--fa lv--案例--中国--2018 , 人格--ren ge--权利--民事纠纷--案例--中国--汇编
电子资源:
ISBN: 978-7-5093-3964-0
000 01679cam 2200361 450
001 012001005907
005 20131014160249.0
010    @a978-7-5093-3964-0@dCNY56.00
099    @aCAL 012018090840
100    @a20180508d2018 ekmy0chiy50 ea
101 0  @achi
102    @aCN@b110000
105    @ay a 000yy
106    @ar
200 1  @a中国法院2018年度案例@Azhong guo fa yuan 2018nian du an li@h[12]@i人格权纠纷@e含生命、健康、身体、姓名、名誉、隐私权纠纷@f国家法官学院案例开发研究中心编
210    @a北京@c中国法制出版社@d2018
215    @a283页@d25cm
300    @a数据库增值服务
304    @a分册号取自书脊
314    @a书中题: 主编曹士兵
320    @a有书目
330    @a本书是《中国法院2018年度案例系列》(全23册) 的一个分册。含生命权、健康权、身体权纠纷、姓名权纠纷、肖像权纠纷、名誉权纠纷、一般人格权纠纷等。所选案例均是国家法官学院从各地2017年上报的典型案例中挑选出来的精品案例, 全面涵盖该领域常见纠纷内容。
333    @a本书既可作为法官、检察官、律师等司法实务工作人员的办案参考和司法人员培训推荐教程, 也是社会大众学法用法的极佳指导, 亦是教学科研机构案例研究的精品素材
517 1  @a人格权纠纷@Aren ge quan jiu fen
517    @a含生命、健康、身体、姓名、肖像、名誉权纠纷@Ahan sheng ming 、 jian kang 、 shen ti 、 xing ming 、 xiao xiang 、 ming yu quan jiu fen
606 0  @a法律@Afa lv@x案例@y中国@z2018
606 0  @a人格@Aren ge@x权利@x民事纠纷@x案例@y中国@j汇编
690    @aD920.5@v5
690    @aD922.75@v5
701  0 @a曹士兵@Acao shi bing@4主编
712 02 @a国家法官学院@Aguo jia fa guan xue yuan@b案例开发研究中心@Ban li kai fa yan jiu zhong xin@4编
801  2 @aCN@b上海新华@c20191020
905    @b1098016-9@dD920.5@e2038@f4
    
    中国法院2018年度案例.[12].人格权纠纷:含生命、健康、身体、姓名、名誉、隐私权纠纷/国家法官学院案例开发研究中心编.-北京:中国法制出版社,2018
    283页;25cm
    数据库增值服务.-使用对象:本书既可作为法官、检察官、律师等司法实务工作人员的办案参考和司法人员培训推荐教程, 也是社会大众学法用法的极佳指导, 亦是教学科研机构案例研究的精品素材
    
    ISBN 978-7-5093-3964-0:CNY56.00
    本书是《中国法院2018年度案例系列》(全23册) 的一个分册。含生命权、健康权、身体权纠纷、姓名权纠纷、肖像权纠纷、名誉权纠纷、一般人格权纠纷等。所选案例均是国家法官学院从各地2017年上报的典型案例中挑选出来的精品案例, 全面涵盖该领域常见纠纷内容。
●
相关链接 在E读中查询图书 在五车中查询图书 在当当中查询图书 在豆瓣中查询图书


正题名:中国法院2018年度案例     索取号:D920.5/2038         预约/预借

序号 登录号 条形码 馆藏地/架位号 状态 备注
1 1098016   210980161   第一样本阅览室/ [索取号:D920.5/2038] 在馆    
2 1098018   210980189   第一借阅区/ [索取号:D920.5/2038] 在馆    
3 1098019   210980198   第一借阅区/ [索取号:D920.5/2038] 在馆    
唐山师范学院图书馆 欢迎您!
大连网信软件有限公司© 版权所有